000 00887nam a2200337 a 4500
003 AR-BaBNM
005 20251128204357.0
008 082120s2002 ||||||||||||||000 | spa||
020 _a950-07-0435-8
040 _cAR-BaBNM
100 1 _aSchujer, Silvia
245 0 0 _aOliverio junta preguntas
250 _a3ª ed.
260 _aBuenos Aires
_bSudamericana
_c1993
300 _a55 p.
_bil.
490 0 _aPan flauta
_vv. 9
500 _aContiene biografías del autor y del ilustrador
500 _aCatálogo de las publicaciones de la colección
650 4 _aCUENTO INFANTIL
650 4 _aSENTIMIENTOS
650 4 _aLITERATURA INFANTIL
650 4 _aCULTURA
650 4 _aHUMANIDADES
650 4 _aLIBROS PARA NIÑOS
651 4 _aArgentina
655 _aLITERATURA
700 1 _aRojas, Oscar
_eilustrador
800 0 _aCanela
942 _cBK
998 _cisola
999 _c7214
_d7214